5HLuxD.jpg

KING HENRY VIII SENIOR AND PRIMARY SCHOOL LIBRARY OPAC

English - Korean, Korean - English Dictionary / (Record no. 3914)

000 -LEADER
fixed length control field 00652nam a22002057a 4500
003 - CONTROL NUMBER IDENTIFIER
control field OSt
005 - DATE AND TIME OF LATEST TRANSACTION
control field 20241119152303.0
008 - FIXED-LENGTH DATA ELEMENTS--GENERAL INFORMATION
fixed length control field 241119b ||||| |||| 00| 0 eng d
020 ## - INTERNATIONAL STANDARD BOOK NUMBER
International Standard Book Number 9781908357427
040 ## - CATALOGING SOURCE
Transcribing agency KH8
082 ## - DEWEY DECIMAL CLASSIFICATION NUMBER
Classification number 495.132 SHA
130 ## - MAIN ENTRY--UNIFORM TITLE
Uniform title English - Korean, Korean - English Dictionary
245 ## - TITLE STATEMENT
Title English - Korean, Korean - English Dictionary /
Statement of responsibility, etc. compiled by Mihee Song.
260 ## - PUBLICATION, DISTRIBUTION, ETC.
Place of publication, distribution, etc. Wembley ;
Name of publisher, distributor, etc. STAR Foreign Language BOOKS,
Date of publication, distribution, etc. 2013.
300 ## - PHYSICAL DESCRIPTION
Extent 433 pages :
Dimensions 21 cm.
650 ## - SUBJECT ADDED ENTRY--TOPICAL TERM
Topical term or geographic name entry element English language
Form subdivision Dictionaries
General subdivision Korean
650 ## - SUBJECT ADDED ENTRY--TOPICAL TERM
Topical term or geographic name entry element Korean language
Form subdivision Dictionaries
General subdivision English
700 ## - ADDED ENTRY--PERSONAL NAME
Personal name Song, Mihee,
Relator term editor.
942 ## - ADDED ENTRY ELEMENTS (KOHA)
Source of classification or shelving scheme
Koha item type Reference
Holdings
Withdrawn status Lost status Source of classification or shelving scheme Damaged status Not for loan Collection code Permanent Location Current Location Shelving location Date acquired Total Checkouts Full call number Barcode Date due Date last seen Date last checked out Price effective from Koha item type
          Teaching Resources KH8 Senior School Library KH8 Senior School Library Staff Office 2024-11-19 1 495.132 SHA TRKHSL006193 2025-07-04 2025-04-25 2025-04-25 2024-11-19 Teaching Resources
          Teaching Resources KH8 Senior School Library KH8 Senior School Library Staff Office 2024-11-21 1 495.132 SHA TRKHSL006196 2025-07-04 2025-04-25 2025-04-25 2024-11-21 Teaching Resources

Powered By KH8 IT Dept